000 00866nam a2200193 i 4500
001 114768
003 ES-MaACL
005 20240607062957.0
007 t|
008 070326s1947 sp ||||1| spa d
100 1 _aRidruejo, Dionisio,
_d1912-1975
_997065
245 1 0 _aConsagración a la belleza
_b: versión taquigráfica del discurso pronunciado en el III Certamen Literario de Castellón de la Plana /
_cpor su mantenedor... Dionisio Ridruejo ; [Historia breve de un reinado : oración epilogal pronunciada en el III Certamen Literario de Castellón de la Plana por... Benjamín Fabregat Martí.
260 _aCastellón de la Plana :
_b[Ayuntamiento],
_c1947.
300 _a39 p. ;
_c21 cm.
700 1 _aFabregat Martí, Benjamín.
_948568
740 0 _aHistoria breve de un reinado.
852 _aES-MaACL
_j1879-F-7
999 _c114768
_d114768